<?xml version='1.0' encoding='UTF-8'?>
  <record xmlns="http://www.loc.gov/MARC21/slim">
    <leader>00000cam a2200000 i 4500</leader>
    <controlfield tag="001">ocm65366469</controlfield>
    <controlfield tag="003">OCoLC</controlfield>
    <controlfield tag="005">20250306150447.3</controlfield>
    <controlfield tag="008">900519s1611    ne            000 0 lat d</controlfield>
    <datafield tag="040" ind1=" " ind2=" ">
      <subfield code="a">NLGGC</subfield>
      <subfield code="b">dut</subfield>
      <subfield code="e">fobidrtb</subfield>
      <subfield code="c">NLGGC</subfield>
      <subfield code="d">OCLCO</subfield>
      <subfield code="d">OCLCL</subfield>
      <subfield code="d">OCLCQ</subfield>
    </datafield>
    <datafield tag="029" ind1="0" ind2=" ">
      <subfield code="a">NLGGC</subfield>
      <subfield code="b">061743879</subfield>
    </datafield>
    <datafield tag="035" ind1=" " ind2=" ">
      <subfield code="a">(OCoLC)65366469</subfield>
    </datafield>
    <datafield tag="100" ind1="1" ind2=" ">
      <subfield code="a">Clusius, Carolus,</subfield>
      <subfield code="d">1526-1609.</subfield>
      <subfield code="1">https://id.oclc.org/worldcat/entity/E39PBJwmQxfgvwG6D9DK6TYtrq</subfield>
    </datafield>
    <datafield tag="245" ind1="1" ind2="0">
      <subfield code="a">Caroli Clusii ... Curae posteriores, seu plurimarum non ante cognitarum, aut descriptarum stirpium, peregrinorumque aliquot animalium novae descriptiones :</subfield>
      <subfield code="b">quibus et omnia ipsius opera, aliaque ab eo versa augentur aut illustrantur /</subfield>
      <subfield code="c">accessit seorsim Everardi Vorstii de ejusdem Caroli Clusii vita et obitu oratio, aliorumque de eisdem epicedia.</subfield>
    </datafield>
    <datafield tag="246" ind1="3" ind2=" ">
      <subfield code="a">Curae posteriores, seu plurimarum non ante cognitarum, aut descriptarum stirpium, peregrinorumque aliquot animalium novae descriptiones</subfield>
    </datafield>
    <datafield tag="260" ind1=" " ind2=" ">
      <subfield code="a">[Lugduni Batavorum] :</subfield>
      <subfield code="b">ex officina Platiniana Raphelengii,</subfield>
      <subfield code="c">1611.</subfield>
    </datafield>
    <datafield tag="300" ind1=" " ind2=" ">
      <subfield code="a">[VI,] 71, 24 p. :</subfield>
      <subfield code="b">ill. ;</subfield>
      <subfield code="c">35 cm (2-o)</subfield>
    </datafield>
    <datafield tag="336" ind1=" " ind2=" ">
      <subfield code="a">tekst</subfield>
      <subfield code="b">txt</subfield>
      <subfield code="2">rdacontent/dut</subfield>
    </datafield>
    <datafield tag="337" ind1=" " ind2=" ">
      <subfield code="a">zonder medium</subfield>
      <subfield code="b">n</subfield>
      <subfield code="2">rdamedia/dut</subfield>
    </datafield>
    <datafield tag="338" ind1=" " ind2=" ">
      <subfield code="a">band</subfield>
      <subfield code="b">nc</subfield>
      <subfield code="2">rdacarrier/dut</subfield>
    </datafield>
    <datafield tag="500" ind1=" " ind2=" ">
      <subfield code="a">Everardi Vorstii de ejusdem Caroli Clusii vita ... met eigen titelblad en paginering.</subfield>
    </datafield>
    <datafield tag="600" ind1="1" ind2="4">
      <subfield code="a">Escluse, Charles de l'.</subfield>
    </datafield>
    <datafield tag="700" ind1="1" ind2=" ">
      <subfield code="a">Vorst, Everard,</subfield>
      <subfield code="d">1565-1624.</subfield>
      <subfield code="1">https://id.oclc.org/worldcat/entity/E39PBJd3HgcbXwRqGJYYxV86Kd</subfield>
    </datafield>
    <datafield tag="758" ind1=" " ind2=" ">
      <subfield code="a">Caroli Clusii ... Curae posteriores, seu Plurimarum non antè cognitarum, aut descriptarum stirpium, peregrinorumque aliquot animalium novae descriptiones (Text)</subfield>
      <subfield code="1">https://id.oclc.org/worldcat/entity/E39PCY9vm6yMvGtqqYH4jVyMmq</subfield>
      <subfield code="4">https://id.oclc.org/worldcat/ontology/hasWork</subfield>
    </datafield>
    <datafield tag="936" ind1=" " ind2=" ">
      <subfield code="a">BATCHLOAD</subfield>
    </datafield>
  </record>